La ardilla ciega y otros poemas / (Record no. 94337)

MARC details
000 -LEADER
campo de control de longitud fija 00530nam a2200193 i 4500
001 - NÚMERO DE CONTROL
campo de control 94337
003 - IDENTIFICADOR DE NÚMERO DE CONTROL
campo de control ES-MaACL
005 - FECHA Y HORA DE LA ÚLTIMA TRANSACCIÓN
campo de control 20230906181444.0
007 - CAMPO FIJO DE DESCRIPCIÓN FÍSICA--INFORMACIÓN GENERAL
campo de control de longitud fija t|
008 - DATOS DE LONGITUD FIJA--INFORMACIÓN GENERAL
campo de control de longitud fija 050428s1978 sp ||||1| spa d
100 1# - ENTRADA PRINCIPAL--NOMBRE DE PERSONA
Nombre de persona Loredo, Francisco.
9 (RLIN) 74088
245 13 - MENCIÓN DEL TÍTULO
Título La ardilla ciega y otros poemas /
Mención de responsabilidad, etc. Francisco Loredo.
260 ## - PUBLICACIÓN, DISTRIBUCIÓN, ETC.
Lugar de publicación, distribución, etc. Madrid :
Nombre del editor, distribuidor, etc. Oriens,
Fecha de publicación, distribución, etc. 1978.
300 ## - DESCRIPCIÓN FÍSICA
Extensión 119 p., 5 h. ;
Dimensiones 21 cm.
490 1# - MENCIÓN DE SERIE
Mención de serie Arbolé ;
Designación de volumen o secuencia 31
830 0# - PUNTO DE ACCESO ADICIONAL DE SERIE-TÍTULO UNIFORME
Título uniforme Arbolé ;
Designación de volumen o secuencia 31
9 (RLIN) 181033
852 ## - LOCALIZACIÓN
Ubicación ES-MaACL
Número de control de estantería A-9286
Sublocalización o colección R.98494
Holdings
Estatus retirado Estado de pérdida Estado de daño No para préstamo Biblioteca de origen Biblioteca actual Ubicación en estantería Fecha de adquisición Fuente de adquisición Total de préstamos Signatura topográfica completa Código de barras Visto por última vez Precio de reemplazo Tipo de ítem Koha
        Biblioteca del Ateneo de Madrid Biblioteca del Ateneo de Madrid Depósito 1 17/01/2008     A-9286 1098528 23/02/2023 23/02/2023 Libro impreso